000 01704nam a2200277Ia 4500
999 _c43990
_d43990
001 10740
003 GE_BSU
005 20230324172802.0
008 181216s||||||||ge |||||||||||||| ||geo||
040 _cGE_BSU
041 _ageo
080 _a028.1 კ–49
245 _aკითხვის ეფექტური მეთოდები :
_b(სასწავლო–მეთოდური ფილმი და გზამკვლევი.) /
_cმასწავლებელთა პროფ. განვითარების ეროვნ. ცენტრი ; ფილმსა და გზამკვლევზე მუშაობდნენ: პაატა პაპავა, ნათია ნაცვლიშვილი, ნატო მახარობლიძე [და სხვ.].
264 _a[თბ., 2010]
300 _a58 გვ.;
_b+1CD;
_c30 სმ.
520 _aშემოსულია ტემპუსის პროექტით.
541 _h12ლ.
653 _aკითხვის სწავლების მეთოდიკა
653 _aკითხვის კულტურა
653 _aშემოსულია ტემპუსის პროექტით
700 _aპაპავა, პაატა
_eავტორი
_92697
700 _aნაცვლიშვილი, ნათია
_eავტორი
_9890
700 _aმახარობლიძე, ნატო
_eავტორი
_917259
710 _aმასწავლებელთა პროფ. განვითარების ეროვნ. ცენტრი
_917260
942 _cBK
_2udc